Getting stated with deep learning for natural language processing (Record no. 8938)

MARC details
000 -LEADER
fixed length control field 00621nam a2200205Ia 4500
005 - DATE & TIME
control field 20260407125051.0
008 - FIXED-LENGTH DATA ELEMENTS--GENERAL INFORMATION
fixed length control field 230917s9999||||xx |||||||||||||| ||und||
020 ## - ISBN
Price Rs. 899.00
International Standard Book Number 9789389898118
040 ## - CATALOGING SOURCE
Original cataloging agency VIVEKANANDA LIBRARY
082 ## - DDC NUMBER
Classification number 006.35
Book Number P272G
100 ## - MAIN ENTRY--PERSONAL NAME
Personal name Patel, Sunil
245 #0 - TITLE STATEMENT
Title Getting stated with deep learning for natural language processing
260 ## - PUBLICATION, DISTRIBUTION, ETC. (IMPRINT)
Name of publisher, distributor, etc BPB Publications
Place of publication, distribution, etc New Delhi
Date of publication, distribution, etc 2021
300 ## - PHYSICAL DESCRIPTION
Pages xxi, 382
500 ## - GENERAL NOTE
General note Learn how to build NLP applications with deep learning
650 ## - Subject
Subject Computer Science
650 ## - Subject
Subject Artificial Intelligence
650 ## - Subject
Subject Natural Language Processing
942 ## - ADDED ENTRY ELEMENTS (KOHA)
Koha item type Books
Holdings
Withdrawn status Lost status Source of classification or shelving scheme Damaged status Not for loan Location (home branch) Sublocation or collection (holding branch) Shelving location Date acquired Koha issues (times borrowed) Koha full call number Accession No. Koha date last seen Koha item type
    Dewey Decimal Classification     VIVEKANANDA LIBRARY VIVEKANANDA LIBRARY Vivekananda Library 28/03/2023   006.35 P272G 404045 17/09/2023 Books
© Designed and Maintained by Vivekananda Library, MDU Rohtak